000 00703nam a2200265Ia 4500
001 15881
005 20240113235646.0
007 ta
008 051213s1986 a g b000 u 465 u
040 _aCotton College,Assam
041 _a465
082 _a574.8761
_bM 88 F
100 _aMudambi, Sumati R. .
245 0 _aFood Science /
_cSumati R. Mudambi and Shalini Rao.
_hTextual Documents
250 _a1st ed. /
260 _aNew Delhi :
_bWiley Eastern Ltd. ,
_cC1986.
300 _aiii,221p. :
_bill ;
_c22cm .
653 _aBiology
653 _aFood Science
653 _aG-Biology
700 _aRao, Shalini .
942 _2ddc
_cBK
999 _c15864
_d15864